| 000 | 00695nam a2200193 4500 | ||
|---|---|---|---|
| 001 | 118414 | ||
| 003 | ES-MaACL | ||
| 005 | 20231227175048.0 | ||
| 007 | t| | ||
| 008 | 070214s1966 sp r ||||1| por d | ||
| 100 | 1 |
_aParedes Herrera, Ovidio-César. _989046 |
|
| 245 | 1 | 0 |
_aNovo guia do Museu do Prado / _cOvidio-César Paredes Herrera ; prefacio Excmo. Sr. Marqués de Lozoya. |
| 250 | _aPrimeira ed. | ||
| 260 |
_aMadrid : _bMayfe, _c1966. |
||
| 300 |
_a174 p., 96 lám., 24 lám. col. ; _c18 cm + _e2 grab. pleg. |
||
| 700 | 1 |
_aLozoya, Juan de Contreras y López de Ayala, _cMarqués de, _d1893-1978 _9129112 |
|
| 852 |
_aES-MaACL _jC-51250 _bR.71350 |
||
| 999 |
_c118414 _d118414 |
||